000 01085cam a2200265 i 4500
003 SA-RiAUC
005 20241214060620.0
008 241212s2004 su g f00000 ara c
020 _a9960618048
040 _aSA-JeALM
_bara
_cSA-RiAUC
_erda
082 0 4 _a810.9
090 _a810.9
_bن ا د
110 2 _aنادي المدينة المنورة الأدبي
_eمؤلف.
245 1 0 _aدراسات في الأدب الحديث من محاضرات النادي /
_cنادي المدينة المنورة الأدبي.
250 _aالطبعة الاولى :
264 1 _aالمدينة المنورة :
_bنادي المدينة المنورة الأدبي،
_c1996
300 _a429 صفحة ؛
_c24 سم.
336 _aنص
_btxt
_2rdacontent
_3كتاب
337 _aبدون وسيط
_bn
_2rdamedia
338 _aمجلد
_bnc
_2rdacarrier
440 0 _aمطبوعات نادي المدينة المنورة الأدبي
_v102
650 7 _aالأدب العربي
_xتاريخ ونقد
_yقرن 20
_2aucsh
942 _2ddc
_cBOOK
_n0
949 _aSA-JeALM
_d241212
_uosman123
_n1
999 _c3461
_d3461